| 000 | 01018nam0a22002531 4500 | ||
|---|---|---|---|
| 001 | rc\4132069 | ||
| 005 | 20260407132001.0 | ||
| 021 |
_aRU _b[52-13441] |
||
| 035 | _a(NLR Aleph) 008158240 | ||
| 090 |
_a7793312 _c7793312 |
||
| 100 | _a20130415d1952 |||y0rusy50 ca | ||
| 101 | 0 | _arus | |
| 102 | _aRU | ||
| 105 | _aa z ||||| | ||
| 200 | 1 |
_aКовшевой цепной элеватор Т-52 _eРуководство по эксплуатации _fМ-во строит. и дор. машиностроения СССР. Главстроймеханизация. Трест "Строймеханизация" |
|
| 210 |
_aМосква _cМашгиз _d1952 |
||
| 215 |
_a16 с. _cил. _d20 |
||
| 606 |
_aЭлеваторы ковшевые, цепные _xЭксплуатация _2psbo |
||
| 712 | 0 | 2 |
_a"Строймеханизация", трест _cМосква _3RU\NLR\AUTH\889989345 _9474198 |
| 801 | 0 |
_aRU _bNLR _gpsbo |
|
| 801 | 1 |
_aRU _bELAR _2rusmarc |
|
| 852 |
_aNLR _jТ80 Г-4/2027 |
||
| 942 | _cBOOK | ||
| 980 | _aNB | ||